Las funciones del conflicto social

Guardat en:
Dades bibliogràfiques
Autor principal: Coser, Lewis A
Format: Llibre
Idioma:anglès
espanyol
Publicat: Ciudad de México, México Fondo de Cultura Económica 1961
Edició:Primera edición
Matèries:
Etiquetes: Afegir etiqueta
Sense etiquetes, Sigues el primer a etiquetar aquest registre!

MARC

LEADER 00000nam a22000007a 4500
003 CL-VaPUC
005 20220223074456.0
008 200224b ||||| |||| 00| 0 eng d
999 |c 416783  |d 416781 
040 |c Pontificia Universidad Católica de Valparaíso 
041 0 |a spa 
082 |a 306 COS 1961 
100 1 |a Coser, Lewis A  |9 719750 
245 1 3 |a Las funciones del conflicto social 
250 |a Primera edición 
260 3 |a Ciudad de México, México  |b Fondo de Cultura Económica  |c 1961 
300 |a 214 p 
505 |a I. Introducción. II. El conflicto y las fronteras del grupo. III. La hostilidad y las tensiones en las relaciones de conflicto. IV. Los conflictos internos y la estructura de grupo. V. Los conflictos con grupos extraños y la estructura de grupo. VI. Ideología y conflicto. VII. Conflicto-el unificador. VIII. El conflicto reclama la formación de alianzas. IX. Conclusión 
583 |c 20200224  |k Daniel Castañeda 
650 0 0 |a Sociología   |9 255410 
650 0 0 |a Conflictos sociales   |9 372024 
942 |2 ddc  |c BK 
952 |0 0  |1 0  |2 ddc  |4 0  |6 306_000000000000000_COS_1961  |7 0  |8 A  |9 551454  |a BIBGIM  |b BIBGIM  |d 2020-02-24  |i 561452K  |o 306 COS 1961  |p 561452K  |r 2025-01-15  |t 1  |w 2020-02-24  |y BK  |k GIM